Understading fiber optics
Đã lưu trong:
| Príomhúdar: | |
|---|---|
| Formáid: | Leabhar |
| Teanga: | Undetermined |
| Foilsithe: |
Pearson Education International
2002
|
| Ábhair: | |
| Clibeanna: |
Cuir Clib Leis
Gan Chlibeanna, Bí ar an gcéad duine leis an taifead seo a chlibeáil!
|
| Thư viện lưu trữ: | Trung tâm Học liệu Trường Đại học Cần Thơ |
|---|
| LEADER | 00472nam a2200181Ia 4500 | ||
|---|---|---|---|
| 001 | CTU_65580 | ||
| 008 | 210402s9999 xx 000 0 und d | ||
| 020 | |c 580000 | ||
| 082 | |a 621.36 | ||
| 082 | |b H447 | ||
| 100 | |a Hecht, Jeff | ||
| 245 | 0 | |a Understading fiber optics | |
| 245 | 0 | |c Jeff Hecht | |
| 260 | |b Pearson Education International | ||
| 260 | |c 2002 | ||
| 650 | |a Fiber optics | ||
| 904 | |i TUYẾN | ||
| 980 | |a Trung tâm Học liệu Trường Đại học Cần Thơ | ||